000
00318nam a22001337a 4500
008
251215b |||||||| |||| 00| 0 eng d
040
_a
RCL
082
_a
791.4
_b
J65I
100
_a
Jill,Nelmes
_9
30126
245
_a
An Introduction to Film Studies
260
_b
Routledge Pub.;
_c
2006
300
_a
500p.
942
_c
BK
999
_c
47604
_d
47604